000
00340 a2200157 4500
001
179323
020
_a
040
_c
Magnum
100
_a
-
240
1
0
_a
Como surgiram os seres e as coisas
_l
por
245
1
0
_a
Como surgiram os seres e as coisas
362
0
_a
1899
440
1
_a
Ática
697
_a
MAGNITO: IJ/CONTOS
942
_c
BK
999
_c
179323
_d
179323